000 00305nam a22001217a 4500
008 160430b xxu||||| |||| 00| 0 eng d
020 _a9780538734769
020 _a0538734760
041 _aeng
080 _a612.36
245 _aUndertanding nutrition:
_cEllie Whtney; Sharon Rady Rolfes;
942 _2udc
_cBK
999 _c1703
_d1703